| 000 | 00711nam a2200217 i 4500 | ||
|---|---|---|---|
| 001 | 140273 | ||
| 003 | ES-MaACL | ||
| 005 | 20250512063033.0 | ||
| 007 | t| | ||
| 008 | 070214s1967 sp r ||||1| spa d | ||
| 100 | 1 |
_aSchumpeter, Joseph A., _d1883-1950 _9104815 |
|
| 245 | 1 | 0 |
_aDiez grandes economistas _b: de Marx a Keynes / _cJoseph A. Schumpeter ; traducción de Angel de Lucas. |
| 260 |
_aBarcelona : _bAlianza, _c1967. |
||
| 300 |
_a446 p. ; _c18 cm. |
||
| 650 | 0 | 4 |
_aEconomía- _yS.XIX. _912014 |
| 650 | 0 | 4 |
_aEconomía- _yS.XX. _912017 |
| 650 | 4 |
_aEconomistas- _xBiografías. _9158212 |
|
| 700 | 1 |
_aLucas, Angel de. _974522 |
|
| 852 |
_aES-MaACL _jC-33330 _bR.64200 |
||
| 999 |
_c140273 _d140273 |
||